000 00607nam a2200229Ia 4500
003 OSt
005 20220923230727.0
006 a|||||r|||| 00| 0
007 ta
008 Pun
024 _a305,112
037 _cTextual
040 _aARTS
_cARTS
_bPun
041 _2Pun
_aPun
082 _aQ8441:2I69:g(P), 153K0
100 _aਬੇਦੀ, ਕਾਲਾ ਸਿੰਘ
245 0 _aਗੁਰੂ ਨਾਨਕ ਭਾFਾ
260 _c1960
650 _aਧਰਮ
942 _hQ8441:2I69:g(P), 153K0
_cTEXL
_2CC
999 _c386915
_d386915